Návrh suchého poldra

Na minha lista:
Detalhes bibliográficos
Autor principal: Vass, Peter, 1985- (Author)
Outros Autores: Minárik, Marián, 1977- (Thesis advisor)
Formato: Manuscrito Livro
Idioma:eslovaco
Publicado em: Bratislava : STU v Bratislave SvF, 2010
Assuntos:
Acesso em linha:VAIS
Tags: Adicionar Tag
Sem tags, seja o primeiro a adicionar uma tag!

MARC

LEADER 00000ntm a22000003a 4500
001 stu216531
005 20160721135506.4
008 101116s2010----xo------------------slo-d
040 |a STU  |b slo 
041 0 |a slo 
044 |a xo 
100 1 |a Vass, Peter,  |d 1985-  |4 aut  |X 39351  |7 A000039351 
242 0 0 |a Design of dry polder  |y eng 
245 1 |a Návrh suchého poldra 
260 |a Bratislava :  |b STU v Bratislave SvF,  |c 2010 
650 7 |a vodné stavby a vodné hospodárstvo  |2 stusub 
650 7 |a Hydraulic and Water Resources Engineering  |2 estusub 
650 7 |a stabilita svahov  |2 stusub 
700 1 |a Minárik, Marián,  |d 1977-  |4 ths  |u V150  |U SvF Stavebná fakulta  |T SvF Katedra geotechniky  |X 785  |U V150  |Y 15  |7 A000000785 
856 4 |a info a plný text  |u http://is.stuba.sk/zp/portal_zp.pl?podrobnosti=62331  |3 VAIS